La forma en el cine / (Record no. 22243)
[ view plain ]
| 000 -CABECERA | |
|---|---|
| campo de control de longitud fija | 00814nam a22001697a 4500 |
| 005 - FECHA Y HORA DE ACTUALIZACIÓN | |
| 005 | 20201123222224.0 |
| 008 - LONGITUD FIJA | |
| campo de control de longitud fija | 140202b ck ||||| |||| 00| 0 spa d |
| 040 ## - FUENTE DE CATALOGACIÓN | |
| Centro catalogador/agencia de origen | CO-NeUS |
| Lengua de catalogación | español |
| Normas de descripción | rda |
| 100 1# - AUTOR PERSONAL | |
| nombre | Eisenstein, Sergio |
| 9 (RLIN) | 41280 |
| relación | autor |
| 245 10 - TÍTULO PROPIAMENTE DICHO | |
| título | La forma en el cine / |
| Mención de responsabilidad, etc. | Sergio Eisenstein |
| 264 ## - PIE DE IMPRENTA | |
| lugar (ciudad) | Medellín : |
| editorial | Viento del Este, |
| 300 ## - DESCRIPCIÓN FÍSICA | |
| Extensión | 270 paginas |
| Ilustraciones | ilustraciones |
| Dimensiones | 21 cm. |
| 505 00 - NOTA DE CONTENIDO | |
| Nota de contenido | Del teatro al cine -- Lo inesperado -- El ideograma y los principios cinematográficos -- Un acercamiento dialéctico a la forma cinematográfica -- La cuarta dimensión cinematográfica -- Métodos del montaje -- Un curso en el tratamiento -- El lenguaje del cine -- Forma cinematográfica : nuevos problemas -- La estructura de una película -- Logro exitoso -- Dickens, Griffith y el cine actual -- |
| 082 04 - CLASIFICACIÓN DECIMAL DEWEY | |
| Clasificación | 791.43 / |
| Clave de autor | E36f |
| 650 14 - MATERIA GENERAL | |
| Término de materia o nombre geográfico como elemento inicial | Cine |
| 9 (RLIN) | 103182 |
| 942 ## - PUNTO DE ACCESO ADICIONAL KOHA | |
| Fuente del sistema de clasificación o colocación | |
| Tipo de ítem koha | Libros |
| Parte de la signatura que corresponde a la clasificación (Parte de la clasificación) | 791.43 |
| Prefijo de la signatura | E36f |
No items available.